000 00399nam a2200181Ia 4500
008 240510s9999 xx 000 0 und d
020 _a9789551741518
041 _asih
082 _a891.483
082 _bA51
100 _aAMARASEKARA, Gunadasa
245 0 _aGamanaka Agga
260 _bColombo:Visidunu Publishers
260 _c2010
300 _a252 p.
942 _2ddc
942 _cLBK
999 _c28609
_d28609
945 _a1
_bMadushi Gamage
_c1
_dMadushi Gamage